Tilastot visalle Sanat - ”R-A-K-A-S” - Tapani Kansa

Klikkaa tästä pelataksesi tätä visaa!

Yleistilastot

  • Tätä visaa on pelattu 132 kertaa
  • Keskiarvotulos 126 / 208

Vastaustilastot

Sanat% Oikein
R-A-K-A-S,
97%
R-A-K-A-S
97%
95%
95%
kulta
94%
92%
kultasein,
91%
sen
90%
En
89%
Se
88%
saan
87%
Ja
86%
ja
86%
Sanoi
85%
kaupunkiin.
85%
me
82%
Me
82%
naimisiin.
81%
enää
81%
tein.
81%
tein,
81%
maalla
81%
niin
80%
niin,
80%
Niin
80%
lähde
79%
mennään
79%
selväks
78%
kuin
77%
sanoin
75%
tiedä
74%
sanoisin
73%
kuinka
73%
paremmin.
72%
olet
70%
kaunistunut
69%
Kun
67%
jo
60%
on
58%
tuo
57%
näin
57%
tuoksuu
56%
havupuu.
56%
havupuu
56%
kyllä
55%
Kotiin
55%
kotiin
55%
päin,
53%
kuu.
52%
minkälaisen?
51%
minkälaisen.
51%
muu.
50%
tytön
50%
kylältä
50%
kaiken
49%
Miten
49%
miten
49%
rakastaa.
48%
Hän
48%
Missä
48%
kuljin
47%
vuoksi
47%
sinne
47%
naisen.
47%
naisen,
47%
humma",
47%
Sulle
46%
Heitin
46%
sulle
46%
kunnon
45%
onni,
45%
että
45%
täällä
45%
Vain
45%
tiellä
45%
vanha
45%
Heitä
45%
Luotin
45%
suotta
45%
tumman,
45%
ollenkaan.
45%
Nätin
45%
ystäväin.
45%
luona
45%
joenrannan,
45%
mielestäs
45%
turhan
44%
poikaan,
44%
heinäpellon
44%
reissun
44%
talonpojan
44%
Taas
43%
Enkä
43%
tuijottaa
43%
onkin
42%
kuuta
42%
neuvon
41%
yhden
40%
annan:
40%
paistaa
39%
"Löydät
36%
sitä
35%
kannan,
35%
pyörällä
34%
erottiin.
34%
sotkin,
32%
Tiedän
32%
koko
31%
puhki
31%
Pussaan
31%
kohti
31%
luokse
31%
suun.
30%
suudeltiin.
30%
Vaikka
30%
jäi
29%
stadia
29%
tuon
27%
muistan
27%
hakisin.
27%
löydy
26%
vertaa,
26%
hänet
25%
sieltä
24%
hyvin
23%
Eihän
22%
Heitän
20%

Tulosjakauma

Persentiili vastausten määrän mukaan

Jokaisen tuloksen saaneiden osuus

Tuloshistoriasi

Et ole pelannut tätä visaa